Every 100,000+ City in Mozambique in Order - Statistics

General Stats
  • This quiz has been taken 23 times
    8 since last reset
  • The average score is 4 of 39
Answer Stats
Letter Population City % Correct
M 3,372,942 Maputo
100%
B 703,452 Beira
60%
N 1,105,283 Nampula
60%
C 533,920 Chimoio
40%
M 2,057,360 Matola
40%
Q 548,576 Quelimane
40%
X-X 280,098 Xai-Xai
40%
L 357,041 Lichinga
20%
T 504,356 Tete
20%
V 124,388 Vilankulos
20%
A 153,921 Angoche
0%
C 112,071 Caia
0%
C 103,026 Catandica
0%
C 180,478 Catembe
0%
C 101,152 Changara
0%
C 140,025 Chibuto
0%
C 167,590 Cuamba
0%
D 109,368 Dondo
0%
G 157,026 Gondola
0%
G 196,214 Gurúè
0%
I 215,089 Inhambane
0%
M 105,570 Macia
0%
M 308,165 Manhica
0%
M 132,308 Manica
0%
M 160,220 Marracuene
0%
M 170,106 Massinga
0%
M 229,077 Maxixe
0%
M 104,229 Milange
0%
M 173,024 Moatize
0%
M-D-P 122,439 Mocimboa da Praia
0%
M 253,201 Mocuba
0%
M 113,880 Monapo
0%
M 255,145 Montepuez
0%
M 104,319 Mucacata
0%
M 125,240 Mueda
0%
N 411,338 Nacala
0%
N 129,995 Namacurra
0%
O 103,112 Olinga
0%
P 423,139 Pemba
0%
No matching quizzes found
Score Distribution
Percent of People with Each Score
Percentile by Number Answered
Your Score History
You have not taken this quiz since the last reset